000 00314nam a2200109Ia 4500
008 200302s9999 xx 000 0 und d
100 _aRobert H. Socolow & Others
245 _aAnnual Review of Energy and the Environment Vol 24
260 _bAnnual Reviews Palo Alto California
260 _c1999
300 _a720 P.,
999 _c2061
_d2061